000 00902nam0a22002771 4500
001 rc\3653225
005 20250610091656.0
021 _aRU
_b[73-32581]
035 _a(NLR Aleph) 007834465
090 _a9762373
_c9762373
100 _a20130115d1973 |||y0rusy50 ca
101 0 _arus
102 _aRU
105 _aa z |||a|
200 1 _aЛосенок
_e[Рассказ
_eДля ст. дошкольного возраста]
_fРис. Б. Малинковского
210 _a[Москва]
_cМалыш
_d1973
215 _a[20] с.
_cил.
_d27
606 _aОхрана природы (д. л.)
_2psbo
606 _aЛоси (д. л.)
_2psbo
700 1 _aМусатов
_bА.И.
_f1911-1976
_gАлексей Иванович
702 1 _aМалинковский
_bБ.
_4440
801 0 _aRU
_bNLR
_gpsbo
801 1 _aRU
_bELAR
_2rusmarc
852 _aNLR
_j73-8/418
942 _cBOOK
980 _aNB